000 00361nam a2200145Ia 4500
008 230917s9999||||xx |||||||||||||| ||und||
040 _e19330
_aMAIN
041 _aEnglish
082 _a330.9 R18E
100 _aRao, V K R V
245 0 _aEssays in economic development
260 _aBombay
_bAsia Publishing House
_c1964
300 _avi, 333 p.
942 _cBK
999 _c86244
_d86244